000 01166nam a2200277 a 4500
001 000025678
005 20200930023951.0
008 110221s2012 dr 000 0 spa d
040 _aDO-SdBNP
_bspa
_cBNPHU
082 _a230
_bM671i
100 1 _aMirabal, Yoselman Rodwin,
_d1969-
_952438
245 1 0 _aIntroducción al cristianismo /
_cYoselman Rodwin Mirabal, Felipe Rincón Vásquez ; prólogo Félix Miguel Ureña.
260 _aSanto Domingo Oeste, República Dominicana :
_bUNEV,
_c2012.
300 _a156 p. ;
_c24 cm.
500 _aIncluye datos biográficos de los autores en la solapa de la cubierta.
504 _aBibliografía : p. 129-130.
500 _aLa biblioteca posee 3 ejemplares autografiados por el autor.
590 _aInventariado, 2018/BT
650 4 _aCristianismo
_xEnseñanza
_952439
650 4 _aCristianismo
_xLibros de textos
_952440
650 4 _aEvangelicalismo
_9475
700 1 2 _aRincón Vásquez, Felipe,
_d1958-
_952441
700 1 2 _aUreña, Félix Miguel,
_eprol.
_952442
710 2 2 _aUniversidad Nacional Evangélica
_bFacultad de Humanidades.
_bEscuela de Teología
_952443
910 _aValidado. Control de calidad. EMS
999 _c25170
_d25170